Bilecik Bilecik Bilecik Bilecik Bilecik

Türkiye iktisadına güncel bir yaklaşım/ (Record no. 14596)

MARC details
000 -BAŞLIK
Sabit Uzunluktaki Kontrol Alanı 01105nam a22003377a 4500
001 - KONTROL NUMARASI
Control Dosyası 0014633
003 - KONTROL NUMARASI KİMLİĞİ
Kontrol Alanı KOHA_MİRAKIL
005 - EN SON İŞLEM TARİHİ ve ZAMANI
Kontrol Alanı 20260207002002.0
007 - FİZİKSEL TANIM SABİT ALAN - GENEL BİLGİ
Sabit uzunluklu kontrol alanı ta
008 - SABİT UZUNLUKTAKİ VERİ ÖGELERİ - GENEL BİLGİ
Sabit Alan 100305b1986 tu |||gr||||#||||0|tur |
040 ## - KATALOGLAMA KAYNAĞI
Özgün Kataloglama Kurumu TR-BiSEU
Kataloglama Dili tur
Çeviri Kurumu TR-BiSEU
Açıklama Kuralları rda
041 0# - DİL KODU
Metin ya da ses kaydının dil kodu tur
044 ## - YAYINLAYAN/ÜRETEN KURULUŞUN ÜLKE KODU
ISO country code tu
050 ## - SINIFLAMA ve YER NUMARASI
Sınıflama Numarası HC492
Yer Numarası .H38 1986
100 1# - KİŞİ ADI
Yazar Adı (Kişi adı) Hatiboğlu, Zeyyat.
245 1# - ESER ADI BİLDİRİMİ
Başlık Türkiye iktisadına güncel bir yaklaşım/
Sorumluluk Bildirimi Zeyyat Hatiboğlu ; Zeyyat Hatiboğlu.
264 #1 - ÜRERİM, YAYIN, DAĞITIM ve TELİF BİLDİRİMİ
Yayın yeri İstanbul :
Yayınlayan Temel Araştırma , 1986.
Yayın tarihi 1986
300 ## - FİZİKSEL TANIMLAMA
Sayfa, Cilt vb. xv, 166 sayfa
336 ## - İÇERİK TÜRÜ
Content type term metin
Content type code txt
Source rdacontent
337 ## - MEDYA TÜRÜ
Media type term aracısız
Media type code n
Source rdamedia
338 ## - TAŞIYICI TÜRÜ
Carrier type term cilt
Carrier type code nc
Source rdacarrier
490 1# - DİZİ BİLDİRİMİ
Dizi Bildirimi Temel Araştırma A.Ş.
490 1# - DİZİ BİLDİRİMİ
Dizi Bildirimi Yayınları ;
Cilt Numarası No.7.
490 1# - DİZİ BİLDİRİMİ
Dizi Bildirimi İşletme Yönetimi İhtisas Dizisi ;
Cilt Numarası No.4
650 #0 - KONU BAŞLIĞI EK GİRİŞ - KONU TERİMİ
Konusal terim veya coğrafi ad Turkey--Economic conditions 1960-.
9 (RLIN) 23066
650 #0 - KONU BAŞLIĞI EK GİRİŞ - KONU TERİMİ
Konusal terim veya coğrafi ad Economic history 20th century--Turkey.
9 (RLIN) 34108
830 1# - SERİ EK GİRİŞİ - TEKBİÇİM ESER ADI
Tekbiçim Başlık Temel Araştırma A.Ş.
9 (RLIN) 34109
830 1# - SERİ EK GİRİŞİ - TEKBİÇİM ESER ADI
Tekbiçim Başlık Yayınları ;
Volume number/sequential designation No.7.
9 (RLIN) 28779
830 1# - SERİ EK GİRİŞİ - TEKBİÇİM ESER ADI
Tekbiçim Başlık İşletme Yönetimi İhtisas Dizisi ;
Volume number/sequential designation No.4
9 (RLIN) 34110
942 ## - EK GİRİŞ ÖGELERİ (KOHA)
Source of classification or shelving scheme Library of Congress Classification
Koha item type Book
Holdings
Materyal Türü Kalıcı Konum Mevcut Konum Raf Yeri Sınıflandırma Kaynağı Edinim Bilgisi Ana Konular Alt Konular Yer Numarası Demirbaş Numarası Fatura Tarihi Maliyet, Alış Fiyatı Maliyet, Yenileme Fiyatı Geri Çekilme Durumu Kayıp Durumu Hasarlı Durumu Kredi için değil Kayıt Tarih Toplam Ödünçverme Son Görülme Tarihi Son Kontrol Tarihi Genel / Bağış Notu
Book Prof. Dr. Azmi Özcan Kütüphanesi Prof. Dr. Azmi Özcan Kütüphanesi Uluğbey Salonu Library of Congress Classification Bağış SOSYAL BİLİMLER Ekonomi Tarihi ve Koşulları HC492 .H38 1986 0014633 13/08/2010 2.50 2.50         05/03/2010 3 05/12/2024 05/12/2024 Genel Bağış